Statystyki dla 15 najbardziej dotkniętych krajów Covid-19 - 9 czerwca

Kliknij tutaj aby rozwiązać quiz!

Ogólne statystyki

  • Ten quiz został rozwiązany 38 razy
  • Średni wynik to 12 z 26

Statystyki odpowiedzi

kraj% Poprawnych
Stany Zjednoczone
92%
Niemcy
86%
Rosja
86%
Włochy
83%
Indie
78%
Wielka Brytania
75%
Francja
72%
Hiszpania
72%
Brazylia
64%
Meksyk
56%
Iran
53%
Turcja
50%
Belgia
47%
Szwecja
44%
Irlandia
39%
Peru
36%
Arabia Saudyjska
33%
Chile
25%
Chile
25%
Białoruś
22%
Zjednoczone
Emiraty Arabskie
22%
Katar
17%
Singapur
17%
Kuwejt
11%
Bahrajn
8%
Armenia
3%

Rozkład punktacji

Percentyl według liczby udzielonych odpowiedzi

Procent ludzi z każdym wynikiem

Twoja historia wyników

Nie rozwiązałeś tego quizu